NÁRODNOSTNÁ ŠTRUKTÚRA OBYVATEĽSTVA NA JUŽNOM SLOVENSKU V 1. POLOVICI 18. STOROČIA

Bibliographic Details
Main Author: Žudel, Juraj, 1929-2009 (Author)
Other Authors: Krajčír, A. (Translator)
Format: Article
Language:Slovak
Subjects:

MARC

LEADER 00000nab a2200000Ia 4500
001 vtls010772923
003 SK-MaSNL
005 20260303135722.0
008 230218|1992 xo |||||||||||||||||slo|
035 |a (urnnbn)urn:nbn:sk:snk:ar-a016pz 
035 |a (uuid)4b7219df-954e-4c8e-8f05-b3a8d5b4c93a 
035 |a urn:nbn:sk:snk-ab4dbr 
040 |a SNKBUCL  |b slo  |c SNKBUCL  |e AACR2 
041 0 |a slo 
044 |a xo  |c SK 
080 |a 314  |2 2001 
080 |a 323.1:316.356.4  |2 2001 
080 |a 93/94  |2 2011 
080 |a (437.6-13)  |2 2001 
100 1 |a Žudel, Juraj,  |d 1929-2009  |4 aut 
245 1 0 |a NÁRODNOSTNÁ ŠTRUKTÚRA OBYVATEĽSTVA NA JUŽNOM SLOVENSKU V 1. POLOVICI 18. STOROČIA  |c Juraj Žudel, A. Krajčír 
648 7 |a 18. stor., 1. polovica  |2 SNK  |9 770931 
650 0 7 |a obyvateľstvo  |2 SNKPH  |9 4654 
650 0 7 |a národy  |2 SNKPH  |9 4720 
650 0 7 |a dejiny  |2 SNKPH  |9 3825 
651 7 |a Slovensko južné  |2 SNKPH  |9 161138 
700 1 |a Krajčír, A.  |4 trl  |9 1156173 
773 0 |t Geografický časopis Slovenskej akadémie vied  |g Roč. 44, č. 2 (1992), s. 140-148 
954 |a odborná, vedecká literatúra pôvodná (slovenská)  |2 lita 
958 |a OND 
958 |a EUIPO 
958 |a article3 
999 |c 1967359  |d 1969289